000 01131cam a2200229 4500
001 J127654
008 041007n2004 000 0 eng u
035 _a(Sirsi) u127654
041 _aeng
050 _a330.9
_c18
110 _aUnited Kingdom
_bOffice of the Deputy Prime Minister
245 _aMoving forward
_bthe northern way
_h[electronic resource]
260 _aLondon
_bODPM
_c2004
520 _aReport on the north-south divide. Takes the form of a growth strategy to boost prosperity across the north of England and to close a £29bn productivity gap with the rest of the country. The aim is to create more jobs, investment and opportunities for the 15m people living in the regions. Includes recommendations. The Northern Way has since published an action plan progress report (February 2005) and its business plan (June 2005).
650 _aNORTH-SOUTH DIVIDE
650 _aSUSTAINABLE COMMUNITIES
650 _aREGIONAL DEVELOPMENT AGENCIES
650 _aNORTHERN ENGLAND
690 _aREGENERATION
856 _uhttps://www.thenorthernway.co.uk/
_zView the reports at www.thenorthernway.co.uk
942 _n0
999 _c103810
_d103810